Selling and Sales Management/

<p><strong>The definitive text that connects sales theory to the practical implications of selling in today's world</strong></p> <p><i>Selling and Sales Management, 12th Edition</i>, by Jobber, Lancaster, and Le Meunier-FitzHugh provides an integrated and strategic approach to managing sales and cu...

Full description

Saved in:
Bibliographic Details
Main Authors: Jobber, David (Author), Lancaster, Geoffrey (Author), Meunier-Fitzhugh, Kenneth Le (Author)
Format: Electronic Book
Published: Harlow : Pearson International Content, 2024.
Edition:Twelfth edition
Subjects:
Online Access:https://resolver.vitalsource.com/9781292463261
Tags: Add Tag
No Tags, Be the first to tag this record!

MARC

LEADER 00000nam#a2200000 4500
001 9781292463261
003 VST
005 20260317120216.0
006 m o d
007 cr#un#---uucau
008 240907s2024 xxk o 00 0 eng d
020 |a  9781292463261   |q  (ebook)  
020 |z  9781292731407   |q  (other book format)  
040 |a VST  |b eng  |c VST  |d VST 
072 |a BUS058000  |2 bisacsh 
072 |a KJS  |2 bicssc 
100 1 |a Jobber, David  |e author 
245 1 0 |a Selling and Sales Management/  |c  David Jobber, Geoffrey Lancaster, Kenneth Le Meunier-Fitzhugh. 
250 |a Twelfth edition 
264 1 |a Harlow :  |b Pearson International Content,  |c 2024. 
300 |a 1 online resource 
336 |a text  |b txt  |2 rdacontent 
337 |a computer  |b c  |2 rdamedia 
338 |a online resource  |b cr  |2 rdacarrier 
520 |a <p><strong>The definitive text that connects sales theory to the practical implications of selling in today's world</strong></p> <p><i>Selling and Sales Management, 12th Edition</i>, by Jobber, Lancaster, and Le Meunier-FitzHugh provides an integrated and strategic approach to managing sales and customer relations in a complex, volatile, and global marketplace. Fully updated with the latest case studies and practical exercises, the new edition covers leading research into the use of technology to enhance the selling process, as well as recent thinking in customer relationship management and the interactions between sales and marketing functions. The text is well-suited for undergraduate and postgraduate students in business management or marketing degrees, as well as those studying for an MBA or sales professionals in the field.</p> <p>The new edition offers:</p> <ul> <li>Expanded coverage of the management of sales channels</li> <li>Updated content on the role of social media and artificial intelligence in selling</li> <li>A fully revised chapter on sales management</li> <li>Increased coverage of strategic selling and partnering</li> <li>Discussion on the interactions between sales and marketing functions</li> <li>Extended discussion on customer management</li> <li>New and updated practical illustrations, examples, and cases</li> </ul> 
650 4 |a Business & Economics/Sales & Selling/General 
700 1 |a Lancaster, Geoffrey  |e author 
700 1 |a Meunier-Fitzhugh, Kenneth Le  |e author 
776 0 8 |i Other book format version:  |t Selling and Sales Management  |z 9781292731407 
856 4 0 |u https://resolver.vitalsource.com/9781292463261 
999 |c 249539  |d 249538